000 00321 a2200157 4500
001 56800
020 _a852621036X
040 _cAnchieta - Pituba
100 _aMachado, Ana Maria
240 1 0 _aPeer Gynt
_lpor
245 1 0 _aPeer Gynt
300 _a102
362 0 _a1997
650 4 _aLiteratura juvenil
942 _cBK
999 _c56800
_d56800